000 00398cam a2200169 4500
001 D12699
008 090401t1943 xxu||||| |||| 00| 0 eng d
035 _a(Sirsi) u5181
041 _aeng
100 _aEve, H. Brian
245 4 _aThe requisitioning of land and property
260 _aLondon
_bEstates Gazette
_c1943
350 _a0
520 _aShelf 179
942 _n0
948 _c04/03/1997
999 _c86136
_d86136